| 000 | 00526nam a22001817a 4500 | ||
|---|---|---|---|
| 005 | 20231113123235.0 | ||
| 008 | 231113b |||||||| |||| 00| 0 eng d | ||
| 020 | _a0409032565 | ||
| 041 | _aAfrikaans | ||
| 082 | _a345.5 HIE | ||
| 100 |
_aHiemstra, VG _lAfrikaans |
||
| 245 |
_aSuid-Afrikaanse Strafproses / _cVG Hiemstra |
||
| 250 | _aTweede Uitgawe | ||
| 260 |
_aDurban : _bButterworths, _c1977 |
||
| 300 |
_bliv, 701 pages ; _c26 cm. |
||
| 650 |
_aLegal practice _bLaw |
||
| 942 |
_cBK _6ALISON_BN_VRIES |
||
| 999 |
_c567 _d567 |
||